最大最強の企業グループ「三菱」がいま動きだした : 日本経済の潮流が変わる
সংরক্ষণ করুন:
| প্রধান লেখক: | |
|---|---|
| বিন্যাস: | গ্রন্থ |
| ভাষা: | Undetermined |
| প্রকাশিত: |
東京
ベストブック
1989
|
| বিষয়গুলি: | |
| ট্যাগগুলো: |
ট্যাগ যুক্ত করুন
কোনো ট্যাগ নেই, প্রথমজন হিসাবে ট্যাগ করুন!
|
| Thư viện lưu trữ: | Trung tâm Học liệu Trường Đại học Cần Thơ |
|---|
| LEADER | 00671nam a2200217Ia 4500 | ||
|---|---|---|---|
| 001 | CTU_94937 | ||
| 008 | 210402s9999 xx 000 0 und d | ||
| 082 | |a 338.8 | ||
| 082 | |b A315 | ||
| 100 | |a 秋場良宣(あきば よしのぶ) | ||
| 245 | 0 | |a 最大最強の企業グループ「三菱」がいま動きだした : | |
| 245 | 0 | |b 日本経済の潮流が変わる | |
| 245 | 0 | |c 秋場良宣 | |
| 260 | |a 東京 | ||
| 260 | |b ベストブック | ||
| 260 | |c 1989 | ||
| 650 | |a Corporations,Corporations | ||
| 650 | |x Mitsubishi | ||
| 650 | |z Japan | ||
| 904 | |i Ngoc | ||
| 980 | |a Trung tâm Học liệu Trường Đại học Cần Thơ | ||